书目信息 |
| 题名: |
世界1937
|
|
| 作者: | 丘吉尔 著 ;朱鸿飞 译 | |
| 分册: | ||
| 出版信息: | 长沙 湖南人民出版社有限责任公司 2023.10 |
|
| 页数: | 368页 | |
| 开本: | 21cm | |
| 丛书名: | ||
| 单 册: | ||
| 中图分类: | K825.2 | |
| 科图分类: | ||
| 主题词: | 第一次世界大战--di yi ci shi jie da zhan--人物研究 | |
| 电子资源: | ||
| ISBN: | 978-7-5561-3332-1 | |
| 000 | 01415nam0 2200289 450 | |
| 001 | CAL 012024016751 | |
| 005 | 20240229141129.7 | |
| 010 | @a978-7-5561-3332-1@b精装@dCNY79.80 | |
| 099 | @aCAL 012024016751 | |
| 100 | @a20240111d2023 em y0chiy0120 ea | |
| 101 | 1 | @achi@ceng |
| 102 | @aCN@b430000 | |
| 105 | @aac z 000yy | |
| 106 | @ar | |
| 200 | 1 | @a世界1937@Ashi jie 1937@e丘吉尔眼中的时代人物@f(英) 温斯顿·丘吉尔著@g朱鸿飞译 |
| 210 | @a长沙@c湖南人民出版社有限责任公司@d2023.10 | |
| 215 | @a368页@c图, 肖像@d21cm | |
| 330 | @a本书是丘吉尔所著人物评论文集,写于两次世界大战之交的1937年。在这个动荡的大时代,丘吉尔见证了第一次世界大战、俄国革命、希特勒的崛起、西班牙革命、爱尔兰自治运动和世界经济大萧条。他回忆了德皇威廉二世、兴登堡、阿拉伯的劳伦斯、福煦、克列蒙梭、阿瑟·贝尔福、乔治五世、基钦纳等第一次世界大战中的重要人物,也展望了罗斯福与希特勒的不同未来。作为现代历史中领袖绝伦的政治家,书中浸透了他对历史、对政治、对人生精准的体悟,对重要问题的理性分析与独特见解和对相关人物亲身接触的直觉感受,是一部的人物之书。 | |
| 517 | 1 | @a丘吉尔眼中的时代人物@Aqiu ji er yan zhong de shi dai ren wu |
| 586 | @a | |
| 606 | 0 | @a第一次世界大战@Adi yi ci shi jie da zhan@x人物研究 |
| 690 | @aK825.2@v5 | |
| 701 | 0 | @a丘吉尔@AQiujier@c(Churchill, Winston),@f1874-1965@4著 |
| 702 | 0 | @a朱鸿飞@Azhu hong fei@4译 |
| 801 | 0 | @aCN@c20250924 |
| 905 | @a河南城建学院图书馆@dK825.2@eQ702@f1 | |
| 998 | @aSJT | |
| 世界1937:丘吉尔眼中的时代人物/(英) 温斯顿·丘吉尔著/朱鸿飞译.-长沙:湖南人民出版社有限责任公司,2023.10 |
| 368页:图, 肖像;21cm |
| ISBN 978-7-5561-3332-1(精装):CNY79.80 |
| 本书是丘吉尔所著人物评论文集,写于两次世界大战之交的1937年。在这个动荡的大时代,丘吉尔见证了第一次世界大战、俄国革命、希特勒的崛起、西班牙革命、爱尔兰自治运动和世界经济大萧条。他回忆了德皇威廉二世、兴登堡、阿拉伯的劳伦斯、福煦、克列蒙梭、阿瑟·贝尔福、乔治五世、基钦纳等第一次世界大战中的重要人物,也展望了罗斯福与希特勒的不同未来。作为现代历史中领袖绝伦的政治家,书中浸透了他对历史、对政治、对人生精准的体悟,对重要问题的理性分析与独特见解和对相关人物亲身接触的直觉感受,是一部的人物之书。 |
| ● |
| 相关链接 |
|
|
|
正题名:世界1937
索取号:K825.2/Q702
 
预约/预借
| 序号 | 登录号 | 条形码 | 馆藏地/架位号 | 状态 | 备注 |
| 1 | 1555562 | 215555628 | 社科库309/309社科库 47排2列2层/ [索取号:K825.2/Q702] | 在馆 |